000 004970000a22001930004500
999 _c47393
_d47393
001 135
003 CO-MdFUSB
005 20171031173524.0
008 171031b xxu||||| |||| 00| 0 eng d
020 _a958-704-120-8
040 _cCO-MdBIC
082 0 4 _a863C D137c
100 1 _aDahl, Roald
245 1 0 _aCharlie y el gran ascensor de Cristal / Roald Dahl, traduccĂ­on de Veronica Head
260 _aBogotá : Alfaguara
300 _a163 P.
650 1 4 _aLiteratura Infantil
942 _cLGB